[Event "DEM U14 2023"]
[Site "Willingen GER"]
[Date "2023.06.01"]
[Round "7"]
[White "Ermitsch, Magnus"]
[Black "Besou, Hussain"]
[Result "1/2-1/2"]
[Termination "normal"]
[Board "1"]
[WhiteTitle "FM"]
[BlackTitle "FM"]
[WhiteElo "2275"]
[BlackElo "2304"]
[WhiteClock "00:02:06"]
[BlackClock "00:05:44"]
[PlyCount "159"]
[WhiteFideId "16234464"]
[BlackFideId "16269950"]
[EventCountry "GER"]
[EventRounds "9"]
[EventType "swiss"]
[EventDate "2023.05.27"]

1. e4 {[%clk 01:30:57]} {[%emt 00:00:03]} e5 {[%clk 01:30:53]} {[%emt
00:00:08]} 2. Nf3 {[%clk 01:31:21]} {[%emt 00:00:05]} Nc6 {[%clk 01:31:17]}
{[%emt 00:00:06]} 3. Nc3 {[%clk 01:31:13]} {[%emt 00:00:39]} Nf6 {[%clk
01:31:39]} {[%emt 00:00:07]} 4. d4 {[%clk 01:31:38]} {[%emt 00:00:05]} exd4
{[%clk 01:32:04]} {[%emt 00:00:05]} 5. Nxd4 {[%clk 01:32:04]} {[%emt 00:00:05]}
Bb4 {[%clk 01:32:27]} {[%emt 00:00:07]} 6. Nxc6 {[%clk 01:32:29]} {[%emt
00:00:04]} bxc6 {[%clk 01:32:52]} {[%emt 00:00:06]} 7. Bd3 {[%clk 01:32:48]}
{[%emt 00:00:10]} d5 {[%clk 01:33:13]} {[%emt 00:00:09]} 8. exd5 {[%clk
01:33:12]} {[%emt 00:00:06]} cxd5 {[%clk 01:33:31]} {[%emt 00:00:13]} 9. O-O
{[%clk 01:33:36]} {[%emt 00:00:06]} O-O {[%clk 01:33:55]} {[%emt 00:00:05]} 10.
h3 {[%clk 01:33:33]} {[%emt 00:00:32]} h6 {[%clk 01:32:25]} {[%emt 00:02:01]}
11. Qf3 {[%clk 01:33:35]} {[%emt 00:00:28]} c6 {[%clk 01:32:25]} {[%emt
00:00:30]} 12. Bf4 {[%clk 01:33:30]} {[%emt 00:00:34]} Bd6 {[%clk 01:31:14]}
{[%emt 00:01:41]} 13. Rfe1 {[%clk 01:32:13]} {[%emt 00:01:48]} Rb8 {[%clk
01:30:05]} {[%emt 00:01:39]} 14. b3 {[%clk 01:32:06]} {[%emt 00:00:37]} Be6
{[%clk 01:25:31]} {[%emt 00:05:04]} 15. Ne2 {[%clk 01:31:43]} {[%emt 00:00:53]}
c5 {[%clk 01:24:37]} {[%emt 00:01:24]} 16. Rad1 {[%clk 01:31:18]} {[%emt
00:00:55]} Re8 {[%clk 01:09:10]} {[%emt 00:15:56]} 17. Ng3 {[%clk 01:10:59]}
{[%emt 00:20:49]} Bxf4 {[%clk 00:48:57]} {[%emt 00:20:44]} 18. Qxf4 {[%clk
01:11:28]} {[%emt 00:00:02]} Rb4 {[%clk 00:48:57]} {[%emt 00:00:30]} 19. c4
{[%clk 01:00:32]} {[%emt 00:11:26]} Kf8 {[%clk 00:31:18]} {[%emt 00:18:08]} 20.
Nf5 {[%clk 00:55:42]} {[%emt 00:05:20]} Qb8 {[%clk 00:29:31]} {[%emt 00:02:18]}
21. Qd6+ {[%clk 00:36:50]} {[%emt 00:19:21]} Qxd6 22. Nxd6 {[%clk 00:37:18]}
Rd8 {[%clk 00:27:37]} {[%emt 00:02:40]} 23. cxd5 {[%clk 00:35:59]} {[%emt
00:01:49]} Bxd5 {[%clk 00:23:38]} {[%emt 00:04:30]} 24. Nc4 {[%clk 00:34:00]}
{[%emt 00:02:28]} Be6 {[%clk 00:22:10]} {[%emt 00:01:58]} 25. Bf1 {[%clk
00:29:49]} {[%emt 00:04:40]} Rxd1 {[%clk 00:19:39]} {[%emt 00:03:02]} 26. Rxd1
{[%clk 00:30:18]} {[%emt 00:00:01]} Nd7 {[%clk 00:16:01]} {[%emt 00:04:07]} 27.
Rd6 {[%clk 00:27:10]} {[%emt 00:03:39]} Bxc4 {[%clk 00:12:23]} {[%emt
00:04:08]} 28. Rxd7 {[%clk 00:24:49]} {[%emt 00:02:52]} Bxf1 {[%clk 00:12:40]}
{[%emt 00:00:12]} 29. Kxf1 {[%clk 00:25:17]} {[%emt 00:00:02]} a5 {[%clk
00:12:17]} {[%emt 00:00:53]} 30. Ra7 {[%clk 00:23:58]} {[%emt 00:01:49]} c4
{[%clk 00:12:23]} {[%emt 00:00:24]} 31. bxc4 {[%clk 00:24:05]} {[%emt
00:00:23]} Rxc4 {[%clk 00:12:27]} {[%emt 00:00:26]} 32. Rxa5 {[%clk 00:24:30]}
{[%emt 00:00:04]} Rc2 {[%clk 00:12:17]} {[%emt 00:00:40]} 33. Ra7 {[%clk
00:23:24]} {[%emt 00:01:37]} h5 {[%clk 00:11:31]} {[%emt 00:01:15]} 34. h4
{[%clk 00:23:32]} {[%emt 00:00:23]} g6 {[%clk 00:11:51]} {[%emt 00:00:10]} 35.
g3 {[%clk 00:23:47]} {[%emt 00:00:16]} Kg7 {[%clk 00:12:14]} {[%emt 00:00:07]}
36. Kg2 {[%clk 00:24:12]} {[%emt 00:00:04]} Kf6 {[%clk 00:11:10]} {[%emt
00:01:34]} 37. a4 {[%clk 00:24:33]} {[%emt 00:00:09]} Ra2 {[%clk 00:11:32]}
{[%emt 00:00:08]} 38. Kf3 {[%clk 00:24:47]} {[%emt 00:00:16]} Ke5 {[%clk
00:06:53]} {[%emt 00:05:09]} 39. Ra5+ {[%clk 00:21:30]} {[%emt 00:03:47]} Kf6
{[%clk 00:07:01]} {[%emt 00:00:21]} 40. Ke3 {[%clk 00:21:53]} {[%emt 00:00:07]}
Ra3+ {[%clk 00:06:39]} {[%emt 00:00:54]} 41. Kf4 {[%clk 00:22:21]} {[%emt
00:00:02]} Ra2 {[%clk 00:05:53]} {[%emt 00:01:15]} 42. Ra6+ {[%clk 00:19:17]}
{[%emt 00:03:34]} Ke7 {[%clk 00:04:28]} {[%emt 00:01:55]} 43. f3 {[%clk
00:19:20]} {[%emt 00:00:27]} Ra3 {[%clk 00:04:33]} {[%emt 00:00:25]} 44. g4
{[%clk 00:17:42]} {[%emt 00:02:08]} Kf8 {[%clk 00:14:18]} {[%emt 00:20:45]} 45.
gxh5 {[%clk 00:40:08]} {[%emt 00:08:05]} gxh5 {[%clk 00:14:40]} {[%emt
00:00:07]} 46. Ke4 {[%clk 00:38:24]} {[%emt 00:02:14]} Kg7 {[%clk 00:14:04]}
{[%emt 00:01:06]} 47. Ra8 {[%clk 00:35:49]} {[%emt 00:03:05]} Kf6 {[%clk
00:07:40]} {[%emt 00:06:54]} 48. Kf4 {[%clk 00:26:25]} {[%emt 00:09:54]} Ra1
{[%clk 00:06:03]} {[%emt 00:02:07]} 49. Ra6+ {[%clk 00:24:32]} {[%emt
00:02:23]} Kg7 {[%clk 00:06:21]} {[%emt 00:00:12]} 50. Kg5 {[%clk 00:23:50]}
{[%emt 00:01:12]} Ra3 {[%clk 00:04:35]} {[%emt 00:02:16]} 51. f4 {[%clk
00:23:12]} {[%emt 00:01:08]} Rf3 {[%clk 00:04:08]} {[%emt 00:00:57]} 52. a5
{[%clk 00:22:48]} {[%emt 00:00:54]} Rf1 {[%clk 00:04:15]} {[%emt 00:00:23]} 53.
Ra7 {[%clk 00:19:51]} {[%emt 00:03:27]} Rf2 {[%clk 00:03:11]} {[%emt 00:01:34]}
54. a6 {[%clk 00:18:29]} {[%emt 00:01:52]} Rf1 {[%clk 00:03:23]} {[%emt
00:00:18]} 55. Rb7 {[%clk 00:16:00]} {[%emt 00:02:59]} Ra1 {[%clk 00:02:08]}
{[%emt 00:01:45]} 56. a7 {[%clk 00:16:18]} {[%emt 00:00:12]} Ra6 {[%clk
00:02:05]} {[%emt 00:00:33]} 57. Kxh5 {[%clk 00:16:32]} {[%emt 00:00:16]} Ra5+
{[%clk 00:02:27]} {[%emt 00:00:09]} 58. Kg4 {[%clk 00:16:49]} {[%emt 00:00:12]}
Kf6 {[%clk 00:02:46]} {[%emt 00:00:10]} 59. h5 {[%clk 00:16:47]} {[%emt
00:00:33]} Ra1 {[%clk 00:03:08]} {[%emt 00:00:08]} 60. h6 {[%clk 00:16:48]}
{[%emt 00:00:29]} Kg6 {[%clk 00:03:30]} {[%emt 00:00:08]} 61. h7 {[%clk
00:17:02]} {[%emt 00:00:16]} Kxh7 {[%clk 00:03:33]} {[%emt 00:00:27]} 62. Rxf7+
{[%clk 00:16:57]} {[%emt 00:00:34]} Kg6 {[%clk 00:03:53]} {[%emt 00:00:12]} 63.
Rb7 {[%clk 00:17:03]} {[%emt 00:00:23]} Ra3 {[%clk 00:04:06]} {[%emt 00:00:17]}
64. Rc7 {[%clk 00:02:54]} {[%emt 00:14:39]} Kf6 {[%clk 00:04:14]} {[%emt
00:00:21]} 65. Rh7 {[%clk 00:02:15]} {[%emt 00:01:09]} Kg6 {[%clk 00:04:29]}
{[%emt 00:00:16]} 66. Rc7 {[%clk 00:02:30]} {[%emt 00:00:14]} Kf6 {[%clk
00:04:51]} {[%emt 00:00:09]} 67. Rb7 {[%clk 00:02:54]} {[%emt 00:00:05]} Kg6
{[%clk 00:05:15]} {[%emt 00:00:07]} 68. f5+ {[%clk 00:02:24]} {[%emt 00:00:59]}
Kf6 {[%clk 00:05:39]} {[%emt 00:00:07]} 69. Rb6+ {[%clk 00:02:45]} {[%emt
00:00:10]} Kg7 {[%clk 00:05:32]} {[%emt 00:00:35]} 70. Kg5 {[%clk 00:00:53]}
{[%emt 00:02:22]} Rxa7 {[%clk 00:03:58]} {[%emt 00:02:05]} 71. Rg6+ {[%clk
00:01:13]} {[%emt 00:00:09]} Kf8 {[%clk 00:04:22]} {[%emt 00:00:07]} 72. Rh6
{[%clk 00:00:52]} {[%emt 00:00:51]} Rb7 {[%clk 00:04:02]} {[%emt 00:00:50]} 73.
Kg6 {[%clk 00:00:36]} {[%emt 00:00:46]} Rg7+ {[%clk 00:04:18]} {[%emt
00:00:13]} 74. Kf6 {[%clk 00:01:02]} {[%emt 00:00:05]} Rf7+ {[%clk 00:04:44]}
{[%emt 00:00:04]} 75. Ke5 {[%clk 00:01:27]} {[%emt 00:00:05]} Re7+ {[%clk
00:04:39]} {[%emt 00:00:35]} 76. Re6 {[%clk 00:01:51]} {[%emt 00:00:06]} Kf7
{[%clk 00:04:56]} {[%emt 00:00:13]} 77. Kd6 {[%clk 00:01:56]} {[%emt 00:00:24]}
Ra7 {[%clk 00:05:19]} {[%emt 00:00:08]} 78. Kd5 {[%clk 00:01:40]} {[%emt
00:00:40]} Ra5+ {[%clk 00:05:36]} {[%emt 00:00:18]} 79. Ke4 {[%clk 00:02:03]}
{[%emt 00:00:07]} Ra1 {[%clk 00:05:44]} {[%emt 00:00:23]} 80. Kf4 {[%clk
00:02:06]} {[%emt 00:00:26]} 1/2-1/2

[Event "DEM U14 2023"]
[Site "Willingen GER"]
[Date "2023.06.01"]
[Round "7"]
[White "Haug, Havard"]
[Black "Sauer, Tim"]
[Result "1-0"]
[Termination "normal"]
[Board "2"]
[WhiteTitle "CM"]
[WhiteElo "2202"]
[BlackElo "2093"]
[WhiteClock "00:41:06"]
[BlackClock "00:01:09"]
[PlyCount "67"]
[WhiteFideId "1547887"]
[BlackFideId "16265726"]
[EventCountry "GER"]
[EventRounds "9"]
[EventType "swiss"]
[EventDate "2023.05.27"]

1. e4 {[%clk 01:30:55]} {[%emt 00:00:03]} c6 {[%clk 01:30:53]} {[%emt
00:00:09]} 2. d4 {[%clk 01:31:20]} {[%emt 00:00:04]} d5 {[%clk 01:31:18]}
{[%emt 00:00:06]} 3. exd5 {[%clk 01:31:47]} {[%emt 00:00:04]} cxd5 {[%clk
01:31:42]} {[%emt 00:00:05]} 4. Bd3 {[%clk 01:32:12]} {[%emt 00:00:05]} Nc6
{[%clk 01:32:01]} {[%emt 00:00:11]} 5. c3 {[%clk 01:32:19]} {[%emt 00:00:23]}
Nf6 {[%clk 01:32:17]} {[%emt 00:00:13]} 6. h3 {[%clk 01:32:24]} {[%emt
00:00:25]} g6 {[%clk 01:31:51]} {[%emt 00:00:56]} 7. Nf3 {[%clk 01:32:41]}
{[%emt 00:00:13]} Bf5 {[%clk 01:30:18]} {[%emt 00:02:03]} 8. Be2 {[%clk
01:32:41]} {[%emt 00:00:30]} Qc7 {[%clk 01:23:45]} {[%emt 00:07:03]} 9. O-O
{[%clk 01:31:52]} {[%emt 00:01:19]} Bg7 {[%clk 01:22:02]} {[%emt 00:02:14]} 10.
Re1 {[%clk 01:30:16]} {[%emt 00:02:06]} O-O {[%clk 01:21:25]} {[%emt 00:01:06]}
11. Bf1 {[%clk 01:27:51]} {[%emt 00:02:55]} Rfe8 {[%clk 01:09:46]} {[%emt
00:12:09]} 12. a4 {[%clk 01:24:30]} {[%emt 00:03:51]} Rad8 {[%clk 00:52:26]}
{[%emt 00:17:51]} 13. Nbd2 {[%clk 01:17:57]} {[%emt 00:07:03]} h6 {[%clk
00:44:42]} {[%emt 00:08:14]} 14. Bb5 {[%clk 01:14:00]} {[%emt 00:04:26]} g5
{[%clk 00:33:34]} {[%emt 00:11:38]} 15. Ne5 {[%clk 01:07:50]} {[%emt 00:06:40]}
Nd7 {[%clk 00:27:51]} {[%emt 00:06:13]} 16. Qf3 {[%clk 01:02:05]} {[%emt
00:06:16]} Ndxe5 {[%clk 00:24:22]} {[%emt 00:03:59]} 17. Qxf5 {[%clk 01:01:49]}
{[%emt 00:00:46]} e6 {[%clk 00:24:02]} {[%emt 00:00:50]} 18. Qb1 {[%clk
01:01:01]} {[%emt 00:01:18]} a6 {[%clk 00:20:47]} {[%emt 00:03:45]} 19. Be2
{[%clk 00:54:46]} {[%emt 00:06:44]} Ng6 {[%clk 00:20:35]} {[%emt 00:00:43]} 20.
Nf1 {[%clk 00:50:52]} {[%emt 00:04:23]} e5 {[%clk 00:17:24]} {[%emt 00:04:34]}
21. dxe5 d4 {[%clk 00:11:17]} {[%emt 00:06:14]} 22. cxd4 {[%clk 00:46:46]}
{[%emt 00:04:36]} Nxd4 {[%clk 00:10:30]} {[%emt 00:01:17]} 23. Be3 {[%clk
00:46:12]} {[%emt 00:01:04]} Bxe5 {[%clk 00:04:49]} {[%emt 00:06:11]} 24. Bh5
{[%clk 00:43:20]} {[%emt 00:03:22]} Nf4 {[%clk 00:02:55]} {[%emt 00:02:24]} 25.
Bxf4 {[%clk 00:43:37]} {[%emt 00:00:13]} Bxf4 {[%clk 00:03:15]} {[%emt
00:00:11]} 26. Rxe8+ {[%clk 00:42:44]} {[%emt 00:01:23]} Rxe8 {[%clk 00:03:41]}
{[%emt 00:00:04]} 27. Qd3 {[%clk 00:42:46]} {[%emt 00:00:28]} Ne6 {[%clk
00:01:06]} {[%emt 00:03:05]} 28. Re1 {[%clk 00:41:55]} {[%emt 00:01:20]} Rd8
{[%clk 00:01:05]} {[%emt 00:00:32]} 29. Qe4 {[%clk 00:41:16]} {[%emt 00:01:08]}
Ng7 {[%clk 00:01:04]} {[%emt 00:00:31]} 30. Qf3 {[%clk 00:40:23]} {[%emt
00:01:23]} Qd7 {[%clk 00:00:47]} {[%emt 00:00:49]} 31. g3 {[%clk 00:40:09]}
{[%emt 00:00:44]} Bb8 {[%clk 00:00:53]} {[%emt 00:00:23]} 32. Rd1 {[%clk
00:40:14]} {[%emt 00:00:25]} Qxd1 {[%clk 00:01:04]} {[%emt 00:00:19]} 33. Qxf7+
{[%clk 00:40:39]} {[%emt 00:00:05]} Kh8 {[%clk 00:01:09]} {[%emt 00:00:23]} 34.
Bxd1 {[%clk 00:41:06]} {[%emt 00:00:05]} 1-0

[Event "DEM U14 2023"]
[Site "Willingen GER"]
[Date "2023.06.01"]
[Round "7"]
[White "Nechitaylo, Nikita"]
[Black "Klaska, Philipp Leon"]
[Result "1-0"]
[Termination "normal"]
[Board "3"]
[WhiteElo "2144"]
[BlackElo "2026"]
[WhiteClock "00:35:50"]
[BlackClock "00:04:16"]
[PlyCount "63"]
[WhiteFideId "34138161"]
[BlackFideId "16238044"]
[EventCountry "GER"]
[EventRounds "9"]
[EventType "swiss"]
[EventDate "2023.05.27"]

{[%evp 0,62,24,22,32,31,31,31,1,-1,-1,6,0,-2,4,-56,-55,-67,-52,-23,-51,-24,-7,
-7,0,0,0,11,0,-39,-25,-47,19,38,55,70,78,118,131,113,117,86,155,185,282,381,
480,393,385,380,405,348,456,254,254,252,254,271,636,682,682,765,780,794,953]}
1. e4 {[%emt 0:00:05]} e6 {[%emt 0:00:25]} 2. d4 {[%emt 0:00:09]} d5 {[%emt
0:00:05]} 3. e5 {[%emt 0:00:05]} c5 {[%emt 0:00:08]} 4. c3 {[%emt 0:00:05]} Nc6
{[%emt 0:00:13]} 5. Nf3 {[%emt 0:00:34]} Bd7 {[%emt 0:00:09]} 6. Bd3 {[%emt
0:00:08]} Qb6 {[%emt 0:00:11]} 7. O-O {[%emt 0:00:15]} cxd4 {[%emt 0:01:17]} 8.
Re1 {[%emt 0:00:08]} a6 {[%emt 0:10:32]} 9. Nbd2 {[%emt 0:04:30]} dxc3 {[%emt
0:15:33]} 10. bxc3 {[%emt 0:00:17]} Bc5 {[%emt 0:04:43]} 11. Qe2 {[%emt
0:02:25]} Qa7 {[%emt 0:09:13]} 12. Nb3 {[%emt 0:01:33]} Bb6 {[%emt 0:01:43]}
13. Ba3 {[%emt 0:02:23]} Nge7 {[%emt 0:05:57]} 14. h4 {[%emt 0:05:07]} h6
{[%emt 0:05:57]} 15. h5 {[%emt 0:04:18]} O-O-O {[%emt 0:10:03]} 16. Bd6 {[%emt
0:10:45]} Bc7 {[%emt 0:08:01]} 17. Rab1 {[%emt 0:04:56]} Bxd6 {[%emt 0:09:58]}
18. exd6 {[%emt 0:00:40]} Nf5 {[%emt 0:00:32]} 19. Bxf5 {[%emt 0:00:23]} exf5
{[%emt 0:00:06]} 20. Nfd4 {[%emt 0:00:36]} Nxd4 {[%emt 0:02:23]} 21. cxd4
{[%emt 0:00:23]} Rhe8 {[%emt 0:02:50]} 22. Qc2+ {[%emt 0:00:21]} Bc6 {[%emt
0:01:24]} 23. Rxe8 {[%emt 0:03:20]} Rxe8 {[%emt 0:00:07]} 24. Qxf5+ {[%emt
0:00:18]} Kb8 {[%emt 0:03:03]} 25. Na5 {[%emt 0:05:29]} Bb5 {[%emt 0:02:38]}
26. Qxf7 {[%emt 0:07:57]} b6 {[%emt 0:01:22]} 27. Qxd5 {[%emt 0:05:13]} Qa8
{[%emt 0:01:09]} 28. Rxb5 {[%emt 0:07:00]} axb5 {[%emt 0:00:44]} 29. Qxa8+
{[%emt 0:00:24]} Kxa8 {[%emt 0:00:05]} 30. Nc6 {[%emt 0:00:07]} Kb7 {[%emt
0:00:44]} 31. d7 {[%emt 0:00:15]} Re1+ {[%emt 0:00:28]} 32. Kh2 1-0

[Event "DEM U14 2023"]
[Site "Willingen GER"]
[Date "2023.06.01"]
[Round "7"]
[White "Sommer, Justus"]
[Black "Schuricht, Emil Frederick"]
[Result "0-1"]
[Termination "normal"]
[Board "4"]
[WhiteElo "2047"]
[BlackElo "1888"]
[WhiteClock "00:05:40"]
[BlackClock "00:13:07"]
[PlyCount "106"]
[WhiteFideId "16245008"]
[BlackFideId "16270185"]
[EventCountry "GER"]
[EventRounds "9"]
[EventType "swiss"]
[EventDate "2023.05.27"]

1. e4 {[%clk 01:30:53]} {[%emt 00:00:05]} c6 {[%clk 01:30:56]} {[%emt
00:00:05]} 2. d4 {[%clk 01:31:08]} {[%emt 00:00:15]} d5 {[%clk 01:31:19]}
{[%emt 00:00:07]} 3. exd5 {[%clk 01:31:25]} {[%emt 00:00:14]} cxd5 {[%clk
01:31:42]} {[%emt 00:00:07]} 4. c4 {[%clk 01:31:42]} {[%emt 00:00:10]} Nf6
{[%clk 01:32:07]} {[%emt 00:00:08]} 5. Nc3 {[%clk 01:31:48]} {[%emt 00:00:23]}
Nc6 {[%clk 01:32:31]} {[%emt 00:00:06]} 6. Bg5 {[%clk 01:32:04]} {[%emt
00:00:13]} dxc4 {[%clk 01:32:37]} {[%emt 00:00:26]} 7. Bxc4 {[%clk 01:32:23]}
{[%emt 00:00:06]} h6 {[%clk 01:32:58]} {[%emt 00:00:15]} 8. Bh4 {[%clk
01:32:39]} {[%emt 00:00:13]} Qxd4 {[%clk 01:33:10]} {[%emt 00:00:18]} 9. Qxd4
{[%clk 01:33:00]} {[%emt 00:00:09]} Nxd4 {[%clk 01:33:36]} {[%emt 00:00:04]}
10. O-O-O {[%clk 01:33:06]} {[%emt 00:00:22]} e5 {[%clk 01:33:33]} {[%emt
00:00:35]} 11. f4 {[%clk 01:32:58]} {[%emt 00:00:39]} Bg4 {[%clk 01:33:44]}
{[%emt 00:00:18]} 12. Nf3 {[%clk 01:32:56]} {[%emt 00:00:32]} Bxf3 {[%clk
01:34:04]} {[%emt 00:00:10]} 13. gxf3 {[%clk 01:32:53]} {[%emt 00:00:32]} Rc8
{[%clk 01:34:25]} {[%emt 00:00:10]} 14. fxe5 {[%clk 01:14:55]} {[%emt
00:18:28]} Rxc4 {[%clk 01:34:39]} {[%emt 00:00:15]} 15. exf6 {[%clk 01:14:24]}
{[%emt 00:01:02]} Ne6 {[%clk 01:34:54]} {[%emt 00:00:15]} 16. Bf2 {[%clk
01:13:49]} {[%emt 00:01:03]} a6 {[%clk 01:31:29]} {[%emt 00:03:58]} 17. Rhe1
{[%clk 01:05:54]} {[%emt 00:08:23]} gxf6 {[%clk 01:30:23]} {[%emt 00:01:37]}
18. Bb6 {[%clk 00:59:37]} {[%emt 00:06:47]} Bg7 {[%clk 01:13:39]} {[%emt
00:17:14]} 19. Kb1 {[%clk 00:35:58]} {[%emt 00:24:09]} O-O {[%clk 01:08:50]}
{[%emt 00:05:19]} 20. Nd5 {[%clk 00:30:21]} {[%emt 00:06:07]} Kh7 {[%clk
01:05:21]} {[%emt 00:03:59]} 21. b3 {[%clk 00:29:20]} {[%emt 00:01:31]} Rh4
{[%clk 01:01:34]} {[%emt 00:04:17]} 22. Rd2 {[%clk 00:23:29]} {[%emt 00:06:21]}
f5 {[%clk 00:57:32]} {[%emt 00:04:32]} 23. Rc2 {[%clk 00:19:23]} {[%emt
00:04:36]} Bd4 {[%clk 00:46:25]} {[%emt 00:11:37]} 24. Bxd4 {[%clk 00:12:30]}
{[%emt 00:07:24]} Nxd4 {[%clk 00:44:08]} {[%emt 00:02:47]} 25. Rf2 {[%clk
00:12:47]} {[%emt 00:00:13]} Rd8 {[%clk 00:38:55]} {[%emt 00:05:43]} 26. Ne3
{[%clk 00:09:30]} {[%emt 00:03:47]} Kg6 {[%clk 00:26:13]} {[%emt 00:13:11]} 27.
Ng2 {[%clk 00:06:29]} {[%emt 00:03:31]} Rxh2 {[%clk 00:23:30]} {[%emt
00:03:13]} 28. Nf4+ {[%clk 00:06:54]} {[%emt 00:00:06]} Kg5 {[%clk 00:23:54]}
{[%emt 00:00:06]} 29. Rxh2 {[%clk 00:07:11]} {[%emt 00:00:12]} Nxf3 {[%clk
00:16:28]} {[%emt 00:07:56]} 30. Rh5+ {[%clk 00:07:06]} {[%emt 00:00:35]} Kxf4
{[%clk 00:16:50]} {[%emt 00:00:08]} 31. Re7 {[%clk 00:07:11]} {[%emt 00:00:26]}
Kg4 {[%clk 00:12:49]} {[%emt 00:04:30]} 32. Rxh6 {[%clk 00:07:23]} {[%emt
00:00:18]} Ng5 {[%clk 00:12:04]} {[%emt 00:01:14]} 33. Rxb7 {[%clk 00:06:25]}
{[%emt 00:01:29]} f4 {[%clk 00:12:20]} {[%emt 00:00:14]} 34. Rxa6 {[%clk
00:05:34]} {[%emt 00:01:22]} f5 {[%clk 00:10:12]} {[%emt 00:02:38]} 35. Rg7
{[%clk 00:03:36]} {[%emt 00:02:27]} f3 {[%clk 00:09:47]} {[%emt 00:00:56]} 36.
Ra4+ {[%clk 00:03:14]} {[%emt 00:00:52]} f4 {[%clk 00:09:50]} {[%emt 00:00:27]}
37. Ra5 {[%clk 00:02:38]} {[%emt 00:01:06]} f2 {[%clk 00:10:15]} {[%emt
00:00:04]} 38. Raxg5+ {[%clk 00:03:01]} {[%emt 00:00:07]} Kf3 {[%clk 00:10:29]}
{[%emt 00:00:16]} 39. Rg1 {[%clk 00:03:11]} {[%emt 00:00:20]} Re8 {[%clk
00:09:28]} {[%emt 00:01:31]} 40. Rc1 {[%clk 00:00:41]} {[%emt 00:03:00]} Re1
{[%clk 00:09:25]} {[%emt 00:00:33]} 41. Rgc7 {[%clk 00:01:06]} {[%emt
00:00:06]} f1=Q {[%clk 00:09:36]} {[%emt 00:00:16]} 42. R7c3+ {[%clk 00:01:32]}
{[%emt 00:00:06]} Kg4 {[%clk 00:09:45]} {[%emt 00:00:21]} 43. a4 {[%clk
00:01:54]} {[%emt 00:00:09]} Rxc1+ {[%clk 00:10:07]} {[%emt 00:00:07]} 44. Rxc1
{[%clk 00:02:23]} {[%emt 00:00:02]} Qd3+ {[%clk 00:10:22]} {[%emt 00:00:15]}
45. Kb2 {[%clk 00:02:47]} {[%emt 00:00:05]} f3 {[%clk 00:10:45]} {[%emt
00:00:07]} 46. a5 {[%clk 00:03:09]} {[%emt 00:00:08]} f2 {[%clk 00:11:08]}
{[%emt 00:00:08]} 47. Rc4+ {[%clk 00:03:32]} {[%emt 00:00:06]} Qxc4 {[%clk
00:11:27]} {[%emt 00:00:11]} 48. bxc4 {[%clk 00:03:57]} {[%emt 00:00:05]} f1=Q
{[%clk 00:11:52]} {[%emt 00:00:05]} 49. Kb3 {[%clk 00:04:23]} {[%emt 00:00:04]}
Kf5 {[%clk 00:11:58]} {[%emt 00:00:24]} 50. Kb4 {[%clk 00:04:49]} {[%emt
00:00:05]} Ke6 {[%clk 00:12:20]} {[%emt 00:00:07]} 51. Kb5 {[%clk 00:05:11]}
{[%emt 00:00:08]} Kd7 {[%clk 00:12:36]} {[%emt 00:00:14]} 52. a6 {[%clk
00:05:18]} {[%emt 00:00:23]} Qf2 {[%clk 00:12:58]} {[%emt 00:00:08]} 53. c5
{[%clk 00:05:40]} {[%emt 00:00:09]} Qb2+ {[%clk 00:13:07]} {[%emt 00:00:20]}
0-1